书目信息 |
| 题名: |
固化类路面基层和底基层技术规程
|
|
| 作者: | 北京市市政工程设计研究总院 | |
| 分册: | ||
| 出版信息: | 1998.12 |
|
| 页数: | 37页 | |
| 开本: | 32开 | |
| 丛书名: | ||
| 单 册: | ||
| 中图分类: | U416-65 | |
| 科图分类: | ||
| 主题词: | 道路工程 | |
| 电子资源: | ||
| ISBN: | ||
| 000 | 00628nam0 2200193 45 | |
| 001 | 0009161062 | |
| 005 | 20000916110350.7 | |
| 010 | @d6.00元 | |
| 100 | @a20000916d1998 km y0chiy0120 ea | |
| 101 | 0 | @achi |
| 105 | @a z 000yy | |
| 200 | 1 | @a固化类路面基层和底基层技术规程@AGu Hua Lei Lu Mian Ji Ceng He Di Ji Ceng Ji Shu Gui Cheng@f北京市市政工程设计研究总院@FBei Jing Shi Shi Zheng Gong Cheng She Ji Yan Jiu Zong Yuan |
| 210 | @d1998.12 | |
| 215 | @a37页@d32开 | |
| 606 | 0 | @a道路工程 |
| 690 | @aU416-65@v3 | |
| 701 | 0 | @a北京市市政工程设计研究总院 |
| 801 | @aCN@bPftUser@c20000916 | |
| 905 | @b145419-423@dU416-65@eB:785@f5 | |
| 固化类路面基层和底基层技术规程/北京市市政工程设计研究总院.-1998.12 |
| 37页;32开 |
| ISBN :6.00元 |
| ● |
| 相关链接 |
|
|
|
正题名:固化类路面基层和底基层技术规程
索取号:U416-65/B:785
 
预约/预借
| 序号 | 登录号 | 条形码 | 馆藏地/架位号 | 状态 | 备注 |
| 1 | 145419 | 201454194 | 期刊室512/501自科库 52排7列4层/ [索取号:U416-65/B:785] | 在馆 | |
| 2 | 145420 | 201454201 | 自科库501/501自科库 52排7列4层/ [索取号:U416-65/B:785] | 在馆 | |
| 3 | 145421 | 201454210 | 自科库501/501自科库 52排7列4层/ [索取号:U416-65/B:785] | 在馆 | |
| 4 | 145422 | 201454229 | 期刊室512/501自科库 52排7列4层/ [索取号:U416-65/B:785] | 在馆 | |
| 5 | 145423 | 201454238 | 自科库501/501自科库 52排7列4层/ [索取号:U416-65/B:785] | 在馆 |